000 00748nam a2200217 a 4500
001 000035757
005 20240412074258.0
008 111110s2011 dr a g 001 0 spa d
020 _a9789945872637
040 _aDO-SdBNP
_bspa
_cBNPHU
082 _aRD861.5
_bG216v
100 1 _aGarcía Paulino, Reyna Celeste
_961705
245 1 0 _aVelo de mi alma /
_cReyna Celeste García ; Prólogo Diómedes Núñez Polanco.
260 _aBonao, República Dominicana :
_bTalleres AZ,
_c2011.
300 _a81 p. :
_bil. ;
_c21 cm.
590 _aInventariado, 2019 / DG
650 0 _aPoesía dominicana
_966
650 0 _aLiteratura dominicana.
_967
700 1 _aNuñez Polanco, Diómedes
_d1952-
_epról.
_983559
910 _aValidado. Control de calidad EMS
999 _c35248
_d35248